Katalóg veľtrhov a výstav v Slovenskej republike 2017

Uložené v:
Podrobná bibliografia
Médium: Kniha
Jazyk:Slovak
English
Vydavateľské údaje: Bratislava Slovenská obchodná a priemyselná komora 2016
Predmet:
Tagy: Pridať tag
Žiadne tagy, Buďte prvý, kto otaguje tento záznam!

MARC

LEADER 00000nam$a2200000$$$4500
001 0228320
005 20240314123105.4
041 0 |a slo 
041 0 |a eng 
044 |a SK 
245 1 0 |a Katalóg veľtrhov a výstav v Slovenskej republike 2017 
264 1 |a Bratislava  |b Slovenská obchodná a priemyselná komora  |c 2016 
300 |a [61 s.] 
610 2 0 |a veľtrhy 
610 2 0 |a výstavy 
610 2 0 |a prezentácia firemná 
610 2 0 |a spolupráca medzinárodná 
610 2 0 |a Slovensko 
610 2 0 |a 2017